Flight of the genie / (Record no. 21500)

MARC details
000 -LEADER
fixed length control field 03938nam a22005297a 4500
005 - DATE AND TIME OF LATEST TRANSACTION
control field 20090120101831.0
008 - FIXED-LENGTH DATA ELEMENTS--GENERAL INFORMATION
fixed length control field 090120t xxu||||| |||| 00| 0 eng d
010 ## - LCCN (DPL NO)
LC control number B-344239-251
020 ## - INTERNATIONAL STANDARD BOOK NUMBER
International Standard Book Number 0439560438
Terms of availability 110.00
035 ## - SYSTEM CONTROL NUMBER
System control number B-344239-251
035 ## - SYSTEM CONTROL NUMBER
System control number B-357787
037 ## - SOURCE OF ACQUISITION
Source of stock number/acquisition Tarun Books
040 ## - CATALOGING SOURCE
Original cataloging agency DPL
Language of cataloging English
082 ## - DEWEY DECIMAL CLASSIFICATION NUMBER
Classification number S
100 ## - MAIN ENTRY--PERSONAL NAME
Personal name Abbott, Tony
245 ## - TITLE STATEMENT
Title Flight of the genie /
Statement of responsibility, etc by Tony Abbott ; illustrated by David Merrell ; cover illustration by Tim Jessell.
260 ## - PUBLICATION, DISTRIBUTION, ETC. (IMPRINT)
Place of publication, distribution, etc New York
Name of publisher, distributor, etc Scholastic
Date of publication, distribution, etc 2008 (repr.)
270 ## - ADDRESS
Address 557 Broadway
City New York
Postal code NY 10012
300 ## - PHYSICAL DESCRIPTION
Extent 122p.
Other physical details ill.
Dimensions 20cm. (pbk)
490 ## - SERIES STATEMENT
Series statement The secrets of Droon ; 21
500 ## - GENERAL NOTE
General note "A Little Apple paperback."
650 ## - SUBJECT ADDED ENTRY--TOPICAL TERM
Topical term or geographic name as entry element Droon (Imaginary place)
Form subdivision Juvenile fiction.
655 ## - INDEX TERM--GENRE/FORM
Genre/form data or focus term Fantasy fiction.
Source of term gsafd
700 ## - ADDED ENTRY--PERSONAL NAME
Personal name Merrell, David Webber
700 ## - ADDED ENTRY--PERSONAL NAME
Personal name Jessell, Tim
710 ## - ADDED ENTRY--CORPORATE NAME
Corporate name or jurisdiction name as entry element Copyright Paperback Collection (Library of Congress)
800 ## - SERIES ADDED ENTRY--PERSONAL NAME
Personal name Abbott, Tony.
Title of a work Secrets of Droon ;
Volume/sequential designation #21.
856 ## - ELECTRONIC LOCATION AND ACCESS
Uniform Resource Identifier <a href="http://www.loc.gov/catdir/description/schol051/2004596435.html">http://www.loc.gov/catdir/description/schol051/2004596435.html</a>
942 ## - ADDED ENTRY ELEMENTS (KOHA)
Source of classification or shelving scheme Dewey Decimal Classification
Item type Children Books
Classification part S
Call number suffix ABB
Holdings
Withdrawn status Lost status Source of classification or shelving scheme Damaged status Not for loan Collection code Home library Current library Date acquired Source of acquisition Cost, normal purchase price Total Checkouts Full call number Barcode Date last seen Copy number Cost, replacement price Koha item type Total Renewals
    Dewey Decimal Classification     Fiction Bagh Kadhe Khan Bagh Kadhe Khan 25/08/2009 Tarun Books/3939/15.5.09/13/23.4.09/4.7.09 110.00   S ABB B-344248 25/08/2009 1 110.00 Children Books  
    Dewey Decimal Classification     Fiction Bawana Bawana 25/08/2009 Tarun Books/3939/15.5.09/13/23.4.09/4.7.09 110.00   S ABB B-344250 25/08/2009 1 110.00 Children Books  
    Dewey Decimal Classification     Fiction Central Library Central Library 25/08/2009 Tarun Books/3939/15.5.09/13/23.4.09/4.7.09 110.00   S ABB B-344239 25/08/2009 1 110.00 Children Books  
    Dewey Decimal Classification     Fiction Janak Puri Janak Puri 18/09/2009 Tarun Books/4121/9.9.09/89/2.9.09/11.9.09 110.00 22 S ABB B-357787 19/12/2020 1 110.00 Children Books  
    Dewey Decimal Classification     Fiction Jor Bagh (Children Lib) Jor Bagh (Children Lib) 25/08/2009 Tarun Books/3939/15.5.09/13/23.4.09/4.7.09 110.00   S ABB B-344245 25/08/2009 1 110.00 Children Books  
    Dewey Decimal Classification     Fiction Karol Bagh Karol Bagh 25/08/2009 Tarun Books/3939/15.5.09/13/23.4.09/4.7.09 110.00   S ABB B-344247 25/08/2009 1 110.00 Children Books  
    Dewey Decimal Classification     Fiction Kasturba Gandhi Marg Kasturba Gandhi Marg 25/08/2009 Tarun Books/3939/15.5.09/13/23.4.09/4.7.09 110.00 1 S ABB B-344241 16/03/2026 1 110.00 Children Books 1
    Dewey Decimal Classification     Fiction Narela Narela 25/08/2009 Tarun Books/3939/15.5.09/13/23.4.09/4.7.09 110.00   S ABB B-344249 25/08/2009 1 110.00 Children Books  
    Dewey Decimal Classification     Fiction New Rajendra Nagar New Rajendra Nagar 25/08/2009 Tarun Books/3939/15.5.09/13/23.4.09/4.7.09 110.00   S ABB B-344243 25/08/2009 1 110.00 Children Books  
Withdrawn   Dewey Decimal Classification     Fiction Patel Nagar Patel Nagar 25/08/2009 Tarun Books/3939/15.5.09/13/23.4.09/4.7.09 110.00   S ABB B-344240 25/08/2009 1 110.00 Children Books  
    Dewey Decimal Classification     Fiction Peshwa Road Peshwa Road 25/08/2009 Tarun Books/3939/15.5.09/13/23.4.09/4.7.09 110.00   S ABB B-344242 25/08/2009 1 110.00 Children Books  
    Dewey Decimal Classification     Fiction Sarojini Nagar Sarojini Nagar 25/08/2009 Tarun Books/3939/15.5.09/13/23.4.09/4.7.09 110.00 1 S ABB B-344244 10/11/2018 1 110.00 Children Books  
    Dewey Decimal Classification     Fiction Shahdara Branch Shahdara Branch 25/08/2009 Tarun Books/3939/15.5.09/13/23.4.09/4.7.09 110.00   S ABB B-344251 25/08/2009 1 110.00 Children Books  
    Dewey Decimal Classification     Fiction Vinoba Puri Vinoba Puri 25/08/2009 Tarun Books/3939/15.5.09/13/23.4.09/4.7.09 110.00 7 S ABB B-344246 22/02/2022 1 110.00 Children Books  

© Delhi Public Library
Hit Counter
free hit counter